[Event "ESP-chT Primera Division 2019"]
[Site "Linares"]
[Date "2019.08.27"]
[Round "2.18"]
[White "Garcia Elio, Elisa"]
[Black "Hernandez Estevez, Yudania"]
[Result "0-1"]
[WhiteElo "1812"]
[BlackElo "2247"]
[Annotator "NA"]
[PlyCount "82"]
[EventDate "2019.08.26"]
[EventType "team-tourn"]
[EventCountry "ESP"]
[SourceTitle "playchess.com"]
[Source "ChessBase"]
[SourceQuality "1"]
[TimeControl "5400+30"]

1. d4 {[%emt 0:00:00]} Nf6 {[%emt 0:00:00]} 2. Nf3 {[%emt 0:00:41]} g6 {[%emt 0:00:27]} 3. g3 {[%emt 0:03:55]} Bg7 {[%emt 0:02:04]} 4. Bg2 {[%emt 0:00:48]} O-O {[%emt 0:03:25]} 5. O-O {[%emt 0:02:21]} d6 {[%emt 0:00:07]} 6. Nbd2 {[%emt 0:09:01]} c5 {[%emt 0:07:06]} 7. c3 {[%emt 0:08:33]} Nc6 {[%emt 0:01:38]} 8. Re1 {[%emt 0:15:30]} cxd4 {[%emt 0:04:30]} 9. Nxd4 {[%emt 0:01:28]} Bd7 {[%emt 0:00:29]} 10. N2b3 {[%emt 0:05:01]} Rc8 {[%emt 0:02:57]} 11. Bd2 {[%emt 0:04:44]} Ng4 {[%emt 0:07:52]} 12. h3 {[%emt 0:10:43]} Nge5 {[%emt 0:00:28]} 13. Bc1 {[%emt 0:08:56]} Nxd4 {[%emt 0:02:06]} 14. Nxd4 {[%emt 0:01:01]} b5 {[%emt 0:00:31]} 15. a3 {[%emt 0:03:47]} Qb6 {[%emt 0:05:10]} 16. e4 {[%emt 0:04:01]} a5 {[%emt 0:01:02]} 17. Nc2 {[%emt 0:03:49]} Be6 {[%emt 0:03:26]} 18. Be3 {[%emt 0:01:30]} Qb8 {[%emt 0:01:45]} 19. Nd4 {[%emt 0:03:21]} Bd7 {[%emt 0:02:48]} 20. Rc1 {[%emt 0:04:10]} Nc4 {[%emt 0:01:00]} 21. Qe2 {[%emt 0:00:49]} Nxe3 {[%emt 0:00:40]} 22. Qxe3 {[%emt 0:00:37]} b4 {[%emt 0:00:21]} 23. axb4 {[%emt 0:01:08]} axb4 {[%emt 0:00:12]} 24. c4 {[%emt 0:03:41]} Rc5 {[%emt 0:07:56]} 25. b3 {[%emt 0:00:47]} Ra5 {[%emt 0:00:27]} 26. Ra1 {[%emt 0:01:30]} Ra3 {[%emt 0:01:27]} 27. Rad1 {[%emt 0:00:21]} Rc8 {[%emt 0:02:46]} 28. Nc2 {[%emt 0:00:26]} Ra2 {[%emt 0:02:43]} 29. Nd4 {[%emt 0:00:44]} Qa7 {[%emt 0:04:14]} 30. Nf3 {[%emt 0:00:39]} Bc3 {[%emt 0:03:57]} 31. Re2 {[%emt 0:00:25]} Qa3 {[%emt 0:02:10]} 32. Rxa2 {[%emt 0:00:17]} Qxa2 {[%emt 0:00:15]} 33. Qg5 {[%emt 0:01:02]} Qxb3 {[%emt 0:00:38]} 34. Rf1 {[%emt 0:00:29]} Bf6 {[%emt 0:00:31]} 35. Qa5 {[%emt 0:00:20]} Qxc4 {[%emt 0:00:26]} 36. Nd2 {[%emt 0:00:36]} Qc3 {[%emt 0:02:54]} 37. Nb1 {[%emt 0:00:38]} Qd4 {[%emt 0:00:08]} 38. Qa2 {[%emt 0:00:34]} Be6 {[%emt 0:00:33]} 39. Qa6 {[%emt 0:00:29]} Rc2 {[%emt 0:01:09]} 40. Qa8+ {[%emt 0:00:23]} Kg7 41. h4 {[%emt 0:00:38]} Bc4 {[%emt 0:00:28]} 0-1

[Event "ESP-chT Primera Division 2019"]
[Site "Linares"]
[Date "2019.08.27"]
[Round "2.19"]
[White "Vallejo Pons, Francisco"]
[Black "Delorme, Axel"]
[Result "1-0"]
[WhiteElo "2678"]
[BlackElo "2489"]
[Annotator "TA"]
[PlyCount "65"]
[EventDate "2019.08.26"]
[EventType "team-tourn"]
[EventCountry "ESP"]
[SourceTitle "playchess.com"]
[Source "ChessBase"]
[SourceQuality "1"]

{[%evp 11,65,-10,10,0,24,18,8,13,73,70,66,68,62,60,84,60,114,122,126,107,119,95,120,105,122,112,164,108,183,175,226,133,216,216,213,210,196,207,210,209,394,248,256,179,186,193,198,194,177,177,173,162,281,262,273,268]} 1. e4 e5 2. Nf3 Nc6 3. d4 exd4 4. Nxd4 Bc5 5. Nb3 Bb6 6. Nc3 Nge7 7. Bf4 {C45: Scotch Game} (7. Bg5 f6 8. Bh4 a5 9. Bb5 Ne5 10. f4 N5g6 11. Bg3 c6 12. Bc4 Bc7 13. Qf3 b5 14. Bd3 a4 {1-0 (37) Amin,B (2709)-Grandelius,N (2694) Astana 2019}) 7... O-O 8. Qd2 d6 9. O-O-O {The position is equal.} a5 (9... Be6 $11) 10. Bb5 $16 Be6 11. Kb1 $146 ({Predecessor:} 11. Na4 Ba7 12. Be3 Bxe3 13. Qxe3 Na7 14. Be2 Qe8 {1-0 (34) Gobet,F (2350)-Geller,E (2505) Bern 1988}) 11... Qb8 12. h4 Qa7 13. h5 Rad8 (13... a4 $14 14. Nxa4 h6 {[%mdl 64] Decoy}) 14. h6 g6 15. Bg3 f6 16. Rhe1 $36 {[%mdl 2048] White is really pushing.} Ne5 17. Na4 c6 18. Nxb6 Qxb6 (18... Bxb3 $16 19. axb3 Qxb6) 19. Be2 (19. Nd4 $18) 19... a4 (19... Bxb3 $16 {keeps fighting.} 20. axb3 (20. cxb3 d5 $14) 20... d5) 20. Nd4 $1 $18 {[%cal Rd4e6]} Bf7 (20... Bc8 {might work better.} 21. Qc3 Qc5) 21. Qc3 (21. f4 $18) 21... Qc5 {[#]} (21... g5 $16 22. Qa3 c5) 22. Qxc5 $1 dxc5 {[#]} 23. Bxe5 $1 fxe5 24. Nf3 Nc8 25. Nxe5 Nd6 $2 (25... Be6 {was called for.} 26. Rxd8 Rxd8) 26. f3 Be6 27. a3 Nf7 28. Nd3 b6 29. Nf4 Ng5 {Black wants to play ...Rxd1+.} 30. Rxd8 Rxd8 31. Kc1 b5 (31... Bd7 $142 32. Kd2 Nf7) 32. Rd1 Rxd1+ 33. Kxd1 {Accuracy: White = 82%, Black = 50%.} 1-0

[Event "ESP-chT Primera Division 2019"]
[Site "Linares"]
[Date "2019.08.27"]
[Round "2.20"]
[White "Alsina Leal, Daniel"]
[Black "Alekseenko, Kirill"]
[Result "0-1"]
[WhiteElo "2477"]
[BlackElo "2668"]
[Annotator "TA"]
[PlyCount "114"]
[EventDate "2019.08.26"]
[EventType "team-tourn"]
[EventCountry "ESP"]
[SourceTitle "playchess.com"]
[Source "ChessBase"]
[SourceQuality "1"]

{[%evp 15,114,14,41,41,54,54,59,40,53,17,24,16,20,6,29,2,37,0,6,0,0,0,0,-14,10,12,25,0,56,0,31,41,53,0,0,0,0,0,0,0,0,0,0,-27,17,17,14,8,11,0,5,0,47,16,32,43,52,-4,0,0,-20,-2,-5,-11,0,0,0,-38,-46,-91,-91,-91,-91,-98,-91,-100,-103,-122,-125,-125,-108,-110,-109,-710,-709,-680,-673,-1518,-1509,-821,-314,-316,-305,-265,-262,-325,-305,-29972,-29973,-29971,-29974]} 1. e4 c5 2. Nf3 Nc6 3. d4 cxd4 4. Nxd4 Nf6 5. Nc3 d6 6. f3 e5 7. Nb3 Be7 8. Be3 Be6 9. Qe2 {B56: Classical Sicilian: Unusual Lines} (9. Nd5 O-O 10. Qd2 a5 11. Bb6 Qd7 12. Bb5 Bd8 13. Bxa5 Bxa5 14. Nxf6+ gxf6 15. Nxa5 Rxa5 16. Qxa5 Nxa5 17. Bxd7 Bxd7 18. O-O-O {1-0 (60) Lu,S (2635)-Karthikeyan,M (2604) Bhubaneswar 2018}) 9... O-O 10. O-O-O $1 Na5 11. Qb5 {White is slightly better.} Nxb3+ 12. cxb3 $146 (12. axb3 {keeps more tension.} Qc7 13. g4 a6 14. Qb6 Qc6 15. h4) ({Predecessor:} 12. axb3 Qc7 13. g4 Rfc8 14. Rd2 a6 15. Qb6 Qb8 16. Qa5 b5 {0-1 (57) Kacharava,N (2397)-Frolov,A (2430) Marianske Lazne 2019}) 12... Qc8 13. Kb1 a6 14. Qe2 b5 15. Bg5 Qd7 16. Bxf6 Bxf6 17. Qd2 Qa7 18. g3 Rac8 19. h4 Bd8 20. Qxd6 Ba5 21. Qxe5 Qf2 (21... Bc7 $11 22. Qd4 Qxd4 23. Rxd4 Bxg3) 22. Bd3 ({White should play} 22. Qd4 $1 $14 Qxf3 23. Be2 Bxc3 24. Bxf3 Bxd4 25. Rxd4) 22... Bxc3 (22... Bc7 $5 {[%cal Rc7e5]} 23. Qh5 Qxg3 $11) 23. bxc3 Qxf3 24. Rhe1 (24. Rhf1 $14 Qg2 25. Rc1) 24... Rfd8 $11 25. Rf1 Qe3 26. Rfe1 Qb6 27. Bc2 Re8 28. Qd4 Qc7 29. Kb2 Bg4 {White must now prevent ...Red8.} 30. Rd3 a5 31. Qd6 Qb7 32. Qd5 Qa6 33. Qd6 Rc6 34. Qf4 h5 35. e5 a4 36. Qb4 (36. a3 $1 $14) 36... Bf5 {Threatens to win with ...axb3.} 37. Rd2 ({Reject} 37. bxa4 bxa4 38. Rd6 Rxd6 $17) 37... Bxc2 $40 {[%mdl 128] Black mounts an attack.} 38. Rxc2 axb3 39. Qxb3 Rc4 40. Rd2 Qc6 41. Re3 Qc5 42. Rd4 Rxd4 43. cxd4 Qxd4+ $17 {[%mdl 4096] Endgame KQR-KQR} 44. Qc3 Qd5 45. e6 fxe6 46. Qe5 {And now Qxd5 would win.} Qd2+ 47. Kb1 b4 {[%cal Bb5b4,Bb4b3][%mdl 32]} 48. Re2 Qd3+ 49. Kb2 $2 {[%mdl 8192]} (49. Ka1 $17) 49... Qa3+ $1 $19 50. Kb1 b3 $1 {[%cal Rb3a2]} 51. Rb2 bxa2+ 52. Ka1 Qf3 $2 (52... Qa7 {...Qg1+ is the strong threat.} 53. Qe4 Qg1+ 54. Kxa2 Qxg3) 53. Rb8 {[#]} Rxb8 $1 54. Qxb8+ Qf8 55. Qb3 Qd6 56. Qf3 $2 (56. Qa4 $19 Kf7 57. Qa7+ Kg6 58. Qe3) 56... Qd4+ 57. Kxa2 {[#]} Qd5+ $1 {Accuracy: White = 36%, Black = 71%.} 0-1

[Event "ESP-chT Primera Division 2019"]
[Site "Linares"]
[Date "2019.08.27"]
[Round "2.21"]
[White "Sarana, Alexey"]
[Black "Alonso Moyano, Jonathan"]
[Result "1-0"]
[WhiteElo "2655"]
[BlackElo "2358"]
[Annotator "TA"]
[PlyCount "105"]
[EventDate "2019.08.26"]
[EventType "team-tourn"]
[EventCountry "ESP"]
[SourceTitle "playchess.com"]
[Source "ChessBase"]
[SourceQuality "1"]

{[%evp 21,105,61,63,55,56,48,41,52,58,65,78,76,81,48,82,80,71,72,72,72,67,72,91,65,65,65,67,65,64,29,34,33,102,95,97,102,112,124,143,144,213,204,213,186,222,237,227,231,234,230,264,252,244,148,143,168,224,222,228,198,469,462,497,472,507,493,889,886,845,809,975,989,1010,960,6571,12415,10089,9579,9353,8343,6432,1177,29985,29986,29985,5431]} 1. e4 c5 2. Nf3 d6 3. d4 Nf6 4. Nc3 cxd4 5. Nxd4 a6 6. Be3 e5 7. Nb3 Be7 8. f3 Be6 9. Qd2 Nbd7 10. g4 Nb6 11. O-O-O O-O 12. Qf2 {B90: Sicilian Najdorf: Unusual White 6th moves, 6 Be3 Ng4 and 6 Be3 e5} (12. Kb1 Rc8 13. h4 Nfd7 14. h5 f6 15. Be2 h6 16. Nd5 Nxd5 17. exd5 Bf7 18. c4 b6 19. Bd3 a5 {½-½ (50) Murray,T (2617)-Kukk,R (2591) ICCF email 2007}) 12... Nfd7 13. Kb1 Rc8 14. Qd2 $146 {White is slightly better.} ({Predecessor:} 14. Nd5 Bxd5 15. exd5 Bg5 16. Bd3 Bxe3 17. Qxe3 g6 18. Qh6 Qf6 {0-1 (39) Fuchs,J (2238)-Weitzer,S (2274) Germany 2009}) 14... Qc7 15. h4 Nc4 16. Bxc4 $1 Bxc4 17. Rh2 b5 18. Bg5 f6 19. Be3 Rf7 20. Nd5 Bxd5 21. Qxd5 Qc6 22. Qxc6 (22. Qd3 {looks sharper.} Nc5 23. Qd2 Na4 24. h5 Nb6 25. Na5) 22... Rxc6 23. Na5 Rc7 $1 24. h5 $36 {[%mdl 2048] White is more active.} Rf8 25. b3 Rb8 26. c4 bxc4 {[#]} (26... Kf7 $14) 27. Rc2 $1 $16 c3 28. Rd3 Rb5 29. Rcxc3 Rxc3 30. Rxc3 Kf7 (30... Nc5 $16 {was necessary.}) 31. Rc7 $18 Ke6 {[#] White must now prevent ...Bd8.} 32. Nc4 d5 33. Rc6+ Kf7 34. exd5 Rxd5 35. Rxa6 Rd1+ 36. Kc2 Rf1 37. Nd6+ Bxd6 38. Rxd6 $16 {[%mdl 4096] Endgame KRB-KRN} Ke7 (38... Ke8 $142) 39. Rd3 $18 Ke6 40. a4 {[%cal Ba2a4,Ba4a5,Ba5a6][%mdl 32]} e4 $2 (40... Rxf3 41. a5 Nb8) 41. fxe4 Ne5 42. Rd2 Nxg4 43. Bc5 g6 (43... Ra1 $142 44. Kb2 Rh1) 44. hxg6 hxg6 45. a5 Ra1 46. b4 Ra2+ 47. Kc3 Rxd2 48. Kxd2 {KB-KN} Kd7 49. a6 Kc8 50. b5 Ne5 51. b6 (51. Ke3 $142 Nd7 52. Kd4) 51... Nf7 52. b7+ Kb8 53. Bg1 {Accuracy: White = 72%, Black = 49%.} (53. Ke3 $142 g5 54. Be7 Kc7 55. Bxf6 Kb8 56. e5 Nh6 57. Bxg5 Nf5+ 58. Ke4) 1-0

[Event "ESP-chT Primera Division 2019"]
[Site "Linares"]
[Date "2019.08.27"]
[Round "2.22"]
[White "Martinez Ramirez, Erik"]
[Black "Arizmendi Martinez, Julen Luis"]
[Result "0-1"]
[WhiteElo "2217"]
[BlackElo "2512"]
[Annotator "TA"]
[PlyCount "102"]
[EventDate "2019.08.26"]
[EventType "team-tourn"]
[EventCountry "ESP"]
[SourceTitle "playchess.com"]
[Source "ChessBase"]
[SourceQuality "1"]

{[%evp 18,102,13,0,4,0,0,-30,-25,-24,0,0,0,5,0,0,0,0,42,0,0,0,-6,0,0,-40,0,-16,-23,-43,-43,-52,-38,-67,-64,-87,-78,-69,-18,-8,-20,-28,-8,-143,-143,-141,-66,-63,-29,-45,-20,-19,0,0,0,0,0,0,0,0,0,-5,-8,-8,18,18,18,22,22,-403,-394,-227,-60,-1088,-871,-699,-628,-577,-779,-711,-687,-29981,-29982,-29984,-29985,-29985,-29986]} 1. e4 e6 2. Nf3 d5 3. Nc3 Nf6 4. e5 Nfd7 5. d4 c5 6. dxc5 Nc6 7. Bf4 Bxc5 8. Bd3 f6 9. exf6 Nxf6 10. Qe2 O-O {C11: French: Classical System: 4 e5 and 4 Bg5 dxe4} 11. O-O-O a6 12. Ne5 Bd6 {Black has an edge.} 13. Bg3 Qc7 {[%cal Rc6e5]} 14. Ng4 Nxg4 15. Qxg4 Ne5 16. Qh4 ({Don't play} 16. Bxe5 Bxe5 17. Ne2 g6 $17) 16... Nxd3+ 17. Rxd3 {[#]} Rf5 $146 ({Predecessor:} 17... Bf4+ 18. Bxf4 Rxf4 {½-½ (46) Vocaturo,D (2417)-David,A (2568) Bratto 2008}) 18. Re1 (18. Bxd6 {feels hotter.} Qxd6 19. Re1 h6 20. Qd4 b5 21. g3) 18... Bxg3 19. Qxg3 Qxg3 20. fxg3 Bd7 21. Rf3 g6 22. Kd2 Raf8 23. Ref1 Bc6 24. Ne2 e5 25. g4 Rxf3 26. gxf3 $15 {[%mdl 4096] Endgame KRB-KRN} d4 27. f4 {[#]} Bb5 ({Black should play} 27... g5 $1 $15 {[%mdl 512]} 28. f5 (28. fxg5 Rxf1) 28... Rf6) 28. Re1 $11 Bxe2 29. Rxe2 exf4 {KR-KR} 30. g5 (30. Re4 $1 $11) 30... f3 $17 31. Rf2 h6 ({Better is} 31... Kg7 $17 32. Ke1 Rf5) 32. gxh6 $15 Kh7 33. c3 $1 {[%cal Rc3d4]} Kxh6 {aiming for ...dxc3+.} 34. cxd4 Kg5 {...Kf4 is the strong threat.} 35. Ke3 Kg4 {Strongly threatening ...Re8+.} 36. Rd2 Re8+ 37. Kf2 Kf4 38. d5 Rh8 39. Ke1 Ke3 {Hoping for ...Rc8.} 40. d6 Rc8 41. Rd1 g5 42. d7 Rd8 43. h3 $2 {[%mdl 8192] [#]} (43. b4 $11 {and White has nothing to worry.}) 43... g4 $1 $19 {[%cal Rg4g3][%mdl 512]} 44. Rc1 (44. hxg4 {is a self mate.} Rh8 45. Rd3+ Kxd3 46. Kf2 Ke4 47. a3 Rd8 48. b4 Kf4 49. Ke1 Rxd7 50. Kf2 Rd2+ 51. Kf1 Rb2 52. g5 Kg3 53. Ke1 f2+ 54. Kf1 Kf3 55. g6 Rb1#) (44. Rd6 {might work better.} gxh3 45. Re6+ Kd3 46. Rf6) 44... Rxd7 $2 (44... gxh3 $19 {Threatens to win with ...h2.} 45. Rc3+ Kf4) 45. hxg4 $2 {[%mdl 8192]} (45. Rc3+ $15 Ke4 46. Rc4+ Kd3 47. Rc3+ Kd4 48. Kf2) 45... Rh7 {[%cal Rh7h1]} 46. Rc3+ Kf4 47. g5 Rh1+ 48. Kf2 Rh2+ 49. Kf1 Kg3 {[%cal Rh2h1] Black mates.} 50. Kg1 Rxb2 51. Rc1 Rg2+ {Accuracy: White = 46%, Black = 63%.} 0-1

[Event "ESP-chT Primera Division 2019"]
[Site "Linares"]
[Date "2019.08.27"]
[Round "2.23"]
[White "Pallardo Lozoya, Jose Vicente"]
[Black "Rivas Garcia, Victor"]
[Result "1/2-1/2"]
[WhiteElo "2380"]
[BlackElo "2165"]
[Annotator "NA"]
[PlyCount "67"]
[EventDate "2019.08.26"]
[EventType "team-tourn"]
[EventCountry "ESP"]
[SourceTitle "playchess.com"]
[Source "ChessBase"]
[SourceQuality "1"]
[TimeControl "5400+30"]

1. e4 {[%emt 0:01:37]} c5 {[%emt 0:00:00]} 2. Nc3 {[%emt 0:00:07]} Nc6 {[%emt 0:00:00]} 3. g3 {[%emt 0:00:08]} g6 {[%emt 0:00:00]} 4. Bg2 {[%emt 0:00:06]} Bg7 {[%emt 0:00:00]} 5. d3 {[%emt 0:00:09]} d6 {[%emt 0:00:04]} 6. Be3 {[%emt 0:01:21]} Rb8 {[%emt 0:02:03]} 7. Qd2 {[%emt 0:02:15]} b5 {[%emt 0:00:58]} 8. f4 {[%emt 0:07:19]} Bd7 {[%emt 0:07:40]} 9. Nf3 {[%emt 0:05:44]} b4 {[%emt 0:03:32]} 10. Nd1 {[%emt 0:00:15]} Nd4 {[%emt 0:07:12]} 11. Nh4 {[%emt 0:06:15]} Qb6 {[%emt 0:06:25]} 12. O-O {[%emt 0:08:51]} Nh6 {[%emt 0:16:01]} 13. Kh1 {[%emt 0:07:22]} f5 {[%emt 0:05:05]} 14. Bg1 {[%emt 0:03:12]} O-O {[%emt 0:01:38]} 15. Ne3 {[%emt 0:03:43]} e6 {[%emt 0:02:10]} 16. Nc4 Qc7 {[%emt 0:06:51]} 17. e5 {[%emt 0:08:09]} d5 {[%emt 0:05:02]} 18. Ne3 {[%emt 0:06:48]} Rfd8 {[%emt 0:05:59]} 19. Nf3 {[%emt 0:06:30]} Nxf3 {[%emt 0:01:01]} 20. Bxf3 {[%emt 0:01:00]} c4 {[%emt 0:02:48]} 21. dxc4 {[%emt 0:03:20]} dxc4 {[%emt 0:00:18]} 22. Qg2 {[%emt 0:03:23]} c3 {[%emt 0:01:54]} 23. b3 {[%emt 0:05:31]} Bb5 {[%emt 0:01:07]} 24. Rfd1 {[%emt 0:00:07]} a5 {[%emt 0:03:26]} 25. a4 {[%emt 0:05:10]} Ba6 {[%emt 0:01:13]} 26. h3 {[%emt 0:04:54]} Nf7 {[%emt 0:02:25]} 27. Rxd8+ {[%emt 0:01:54]} Rxd8 {[%emt 0:00:20]} 28. Rd1 {[%emt 0:00:04]} Rd7 {[%emt 0:04:10]} 29. Rxd7 {[%emt 0:04:50]} Qxd7 {[%emt 0:00:06]} 30. Be2 {[%emt 0:00:03]} Bb7 {[%emt 0:01:29]} 31. Bf3 {[%emt 0:00:04]} Ba6 {[%emt 0:00:05]} 32. Be2 {[%emt 0:04:00]} Bb7 {[%emt 0:00:11]} 33. Bf3 {[%emt 0:00:06]} Ba6 {[%emt 0:00:04]} 34. Be2 {[%emt 0:01:23]} 1/2-1/2

[Event "ESP-chT Primera Division 2019"]
[Site "Linares"]
[Date "2019.08.27"]
[Round "2.24"]
[White "Garcia-Castany Musellas, Gal.la"]
[Black "Garcia Martin, Marta"]
[Result "1/2-1/2"]
[WhiteElo "2149"]
[BlackElo "2313"]
[Annotator "TA"]
[PlyCount "119"]
[EventDate "2019.08.26"]
[EventType "team-tourn"]
[EventCountry "ESP"]
[SourceTitle "playchess.com"]
[Source "ChessBase"]
[SourceQuality "1"]

{[%evp 16,119,18,18,30,16,22,12,22,18,26,14,35,30,31,24,30,30,34,13,26,28,27,26,33,0,0,0,0,-24,-18,-10,-18,-13,6,8,21,16,32,45,45,0,0,0,0,-10,52,40,35,45,77,77,110,108,254,220,195,204,228,223,298,276,312,344,365,333,306,315,375,210,210,135,148,131,210,210,208,178,228,135,171,135,171,135,159,136,137,87,104,87,240,0,0,0,10,0,0,0,0,0,0,0,0,0,0,0]} 1. e4 e5 2. Nf3 Nc6 3. Bb5 a6 4. Ba4 Nf6 5. d3 d6 6. c3 g6 7. O-O Bg7 8. Nbd2 O-O 9. Re1 Re8 {C77: Ruy Lopez: 3...a6 4 Ba4 Nf6, unusual lines} (9... Nh5 10. Nf1 f5 11. Bb3+ Kh8 12. Ng5 Qf6 13. exf5 Bxf5 14. Be3 Nf4 15. Bxf4 exf4 16. Ne4 Bxe4 17. Rxe4 {½-½ (45) Carlsen,M (2835)-Shirov,A (2643) St Petersburg 2018}) 10. Nf1 b5 11. Bc2 Bb7 12. a4 b4 13. a5 Rb8 $146 ({Predecessor:} 13... bxc3 14. bxc3 Na7 15. Ba4 Re7 16. Ne3 h6 17. Nc4 d5 18. exd5 Nxd5 {½-½ (29) Bratkovic,S (2190)-Martic,I (2375) Paracin 2018}) 14. Bg5 h6 15. Bxf6 (15. Bh4 {seems wilder.} bxc3 16. bxc3 Ne7 17. Ne3 Bc6 18. Rb1) 15... Bxf6 16. Ne3 Bg7 17. Bb3 Bc8 18. Bc4 Rf8 19. Nd5 Kh8 20. d4 bxc3 21. bxc3 Bg4 22. dxe5 Nxe5 23. Be2 {aiming for Nxe5.} Bxf3 24. Bxf3 Rb2 25. Be2 Qh4 {And now ...Ng4! would win.} 26. Rf1 Qxe4 27. Bxa6 c6 28. Nb4 ({Better is} 28. Nb6 $14) 28... c5 $11 29. Nd3 Nxd3 30. Bxd3 Qa8 (30... Qc6 $11) 31. Bc4 Bxc3 32. Qxd6 Rd2 33. Qf4 {[%mdl 64] Double Attack} Kh7 {White must now prevent ...Rd4.} 34. Bxf7 $40 {[%mdl 128] White has strong attack.} Kg7 (34... Bxa1 $16 35. Qxd2 Rxf7 36. Rxa1 Qc6) 35. Qe3 Bxa1 36. Qxd2 {Strongly threatening Bd5.} Bd4 37. Bc4 Rf6 38. a6 h5 39. Qe2 Qa7 40. Qe8 Rf8 41. Qe4 Rb8 42. Rb1 (42. Re1 $142) 42... Rb4 $18 43. Rxb4 cxb4 44. Qf3 Qc7 {[#]} (44... h4 $16 45. g3 Qe7) 45. Qb7 $1 {[%cal Rb7c7]} Qxb7 46. axb7 {[%mdl 4096] Endgame KB-KB} Be5 {[#]} 47. Kf1 (47. h4 $1 $18) 47... Kf6 48. Ke2 Bd6 49. Kf3 Ke5 50. Ke3 g5 51. h3 h4 52. g3 g4 $2 (52... hxg3 $16 53. fxg3 Bc7) 53. gxh4 $2 (53. hxg4 $18 hxg3 54. fxg3) 53... gxh3 $11 {The position is equal.} 54. Kf3 Kd4 (54... h2 $5 55. Kg2 $8 Kf5 $11) 55. Be6 h2 56. Kg2 {Hoping for f4.} Ke5 57. Bb3 Kf5 58. Bd1 Be5 59. Kh1 Bd6 60. Kg2 {Accuracy: White = 76%, Black = 45%.} 1/2-1/2

[Event "ESP-chT Primera Division 2019"]
[Site "Linares"]
[Date "2019.08.28"]
[Round "3.1"]
[White "Delorme, Axel"]
[Black "Espinosa Aranda, Angel"]
[Result "1/2-1/2"]
[WhiteElo "2489"]
[BlackElo "2497"]
[Annotator "TA"]
[PlyCount "138"]
[EventDate "2019.08.26"]
[EventType "team-tourn"]
[EventCountry "ESP"]
[SourceTitle "playchess.com"]
[Source "ChessBase"]
[SourceQuality "1"]

{[%evp 23,138,13,31,5,6,0,0,0,21,18,18,0,4,6,19,10,14,-15,4,-6,0,-12,-8,-8,0,0,0,0,0,0,0,0,41,30,26,32,61,45,53,41,74,70,118,117,108,97,91,105,97,105,100,85,105,105,110,103,110,104,105,29,32,29,23,13,13,13,25,28,30,12,33,6,6,8,35,35,67,0,8,0,29969,27,34,8,54,36,193,193,193,193,131,94,94,94,193,94,94,0,0,0,0,0,0,0,0,0,0,0,0,0,0,0,0,0,0,0,0]} 1. e4 c5 2. Nf3 e6 3. c3 Nf6 4. e5 Nd5 5. g3 d6 6. exd6 Bxd6 7. Bg2 Nc6 8. O-O O-O 9. d4 cxd4 10. Nxd4 Nxd4 11. Qxd4 Qc7 12. c4 Nb6 13. Nd2 {B22: Sicilian: 2 c3} (13. Nc3 Be5 14. Nb5 Qb8 15. Qc5 Nd7 16. Qb4 a6 17. Nc3 Qc7 18. Be3 Bd6 19. Qb3 Bc5 20. Bf4 Bd6 21. Bxd6 Qxd6 {½-½ (54) Deviatkin,A (2555)-Grachev,B (2602) Serpukhov 2007}) 13... Bd7 $146 ({Predecessor:} 13... Rd8 14. Qg4 Bb4 15. Ne4 f5 16. Nf6+ Kh8 17. Qh4 gxf6 18. Qxf6+ Kg8 19. Qg5+ Kf8 20. Qf6+ Kg8 {½-½ (49) Stripunsky,A (2497)-Shahade,G (2458) New York 2001}) 14. Re1 Rad8 15. b3 Be7 {Hoping for ...Bf6.} 16. Qe3 Bc6 17. Bxc6 Qxc6 18. Bb2 Nd7 19. Nf3 a6 20. Bd4 Bb4 21. Re2 Rfe8 22. a3 Bf8 23. Bb2 Nc5 {aiming for ...Rd3.} 24. Ne5 Qc7 25. b4 $36 {[%mdl 2048] White has good play.} Na4 26. Rc1 Nxb2 27. Rxb2 f6 28. Nf3 e5 29. c5 Rd5 30. Rd2 Red8 31. Rcd1 Qf7 32. Qe4 {[%cal Rd2d5]} R5d7 33. c6 bxc6 34. Qxc6 {[%cal Rd2d7][%mdl 64] Double Attack} Rxd2 35. Rxd2 Rxd2 36. Nxd2 Qa2 37. Nc4 h5 38. h4 (38. Qxa6 $6 Qb1+ 39. Kg2 Qe4+ 40. Kf1 Qd3+ 41. Ke1 g6 $14) 38... Qe2 39. Qe6+ ({But not} 39. Qxa6 Qe1+ 40. Kg2 Qe4+ 41. Kh2 Qc2 $14) 39... Kh7 40. Ne3 ({Of course not} 40. Qxa6 $6 Qe1+ 41. Kg2 Qe4+ 42. Kg1 Qb1+ 43. Kg2 Qe4+ 44. Kg1 Qe1+ 45. Kg2 Qe4+ $11) 40... a5 41. Qf5+ ({Reject} 41. bxa5 $6 Qe1+ 42. Kg2 Qxa5 $11) (41. Qe8 $16 axb4 42. Qxf8) 41... Kg8 $11 42. bxa5 {Threatens to win with Qe6+.} Qe1+ 43. Kg2 Qxa5 44. Qe6+ Kh7 45. Qf7 Qxa3 46. Qxh5+ Kg8 47. Qf5 Qa8+ 48. Kh2 Qa2 49. h5 Qf7 50. Ng4 ({Better is} 50. Kg1 $14) 50... Be7 51. Kh3 Kh8 $2 {[%mdl 8192] [#]} (51... Bc5 $11) 52. Ne3 $2 (52. Nxe5 $1 {[%mdl 512] mates} Qe8 (52... fxe5 53. Qxf7) 53. Ng6+ Kh7 54. Nxe7+ {[%mdl 64] Discovered Attack} Kh8 55. Qe6 Kh7 56. Qe4+ f5 57. Qxf5+ Kh8 58. Qe6) 52... Kg8 53. Kg2 (53. Qg4 {with more complications.} Bc5 54. Nf5 Kh8 55. f3 Qd7 56. Qg6) 53... Bf8 (53... Bc5 {is interesting.} 54. Nf1 Qd5+ 55. Kg1 Ba7 56. g4 Qd4) 54. Qg6 (54. Qg4 {keeps more tension.} Kh7 55. Kg1 Bc5 56. Qf5+ Kg8 57. Ng2) 54... Qxg6 $2 (54... Bb4 $14) 55. hxg6 $14 {[%mdl 4096] Endgame KB-KN} Bc5 56. Nf5 $1 e4 57. Kf1 Kf8 58. Ke2 Ba7 {[#]} (58... Bb6 $16 {was called for.} 59. g4 Ba7) 59. Nd6 (59. g4 $1 $18 {and White stays clearly on top.}) 59... Bb8 $16 {[#]} 60. Nxe4 (60. Nb5 $1 $16) 60... f5 $1 $11 {[%cal Rf5e4] The position is equal.} 61. Ng5 {And now Ne6+ would win.} (61. Nc5 {is more complex.} Ke7 62. Nd3 Kf6 63. Nf4 Bd6 64. Kf3) 61... Ke7 62. Nh7 Bd6 63. f4 Ke6 64. Kf3 Be7 65. Kg2 Bd8 66. Kh3 Be7 67. g4 Bd8 68. Kg3 Be7 69. Kf3 Bd8 {Accuracy: White = 50%, Black = 46%.} 1/2-1/2